|
|
|
|
| LEADER |
00000nam2a2200000 4500 |
| 001 |
263499 |
| 005 |
20231101233738.0 |
| 035 |
|
|
|a (RuTPU)RU\TPU\book\286484
|
| 035 |
|
|
|a RU\TPU\book\21532
|
| 090 |
|
|
|a 263499
|
| 100 |
|
|
|a 20140609d1988 k y0rusy50 ca
|
| 101 |
0 |
|
|a rus
|
| 102 |
|
|
|a RU
|
| 105 |
|
|
|a a z 000zd
|
| 200 |
0 |
|
|a № 1 (Вып. 17)
|
| 210 |
|
|
|d 1988
|
| 215 |
|
|
|a 168 с.
|c ил.
|
| 461 |
|
1 |
|0 (RuTPU)RU\TPU\book\145950
|t Памятники Отечества
|o Альманах
|f Всероссийское общество охраны памятников истории и культуры ; ред. И. В. Петрянов-Соколов
|v № 1вып. 17)
|d 1988
|
| 464 |
|
|
|t Загадки языческого леопарда]
|f В. И. Щербаков
|
| 464 |
|
|
|t Старая Рязань
|f В. П. Даркевич
|
| 606 |
1 |
|
|a Памятники
|2 stltpush
|3 (RuTPU)RU\TPU\subj\48046
|9 66925
|
| 610 |
1 |
|
|a Россия
|
| 610 |
1 |
|
|a история
|
| 610 |
1 |
|
|a культура
|
| 610 |
1 |
|
|a исторические памятники
|
| 610 |
1 |
|
|a русская культура
|
| 610 |
1 |
|
|a культурные ценности
|
| 610 |
1 |
|
|a Великая Октябрьская революция
|
| 610 |
1 |
|
|a Москва
|
| 610 |
1 |
|
|a Ленинград
|
| 610 |
1 |
|
|a альманахи
|
| 675 |
|
|
|a 725.94
|v 3
|
| 801 |
|
0 |
|a RU
|b 63413507
|c 20011209
|g PSBO
|
| 801 |
|
2 |
|a RU
|b 63413507
|c 20150420
|g PSBO
|
| 942 |
|
|
|c BK
|